01398nam a2200241Ia 4500008004100000020001500041041001200056082001600068100001800084245007900102250000800181260004000189300000800229650001400237700001900251942000700270999001500277952017000292952017200462952018200634952017000816952017000986221030s9999 xx 000 0 und d a0071167668 aEnglish a105.23bSpi aM. R. Spiegel 0aSchaum`s Theory & Problems of Statisticscby M. R. Spiegel, L. J. Stephens a3rd bMcGraw - Hill Pub.aNew Delhic2006 a538 aMCA Maths aL. J. Stephens cBK c2075d2075 pM 834g285.00l0o105.23 Spir2024-06-10 00:00:00w2022-10-30yBK003Print4070aMIETLIBbMIETLIBcBL-Academic Block-b, FL-2, CUP-94, SH-6, R-6d2006-08-2510HMCA pM 830g285.00l0o105.23 Spir2024-06-10 00:00:00w2022-10-30yBK003Print4070aMIETLIBbMIETLIBcBL-Academic Block- B, FL-2, CUP-122, SH-2, R-2d2006-08-2510HMCA pM 831g285.00l1o105.23 Spir2025-12-22 13:03:25s2025-04-16w2022-10-30yBK003Print4070aMIETLIBbMIETLIBcBL-Academic Block-b, FL-2, CUP-94, SH-6, R-6d2006-08-2510HMCA pM 832g285.00l0o105.23 Spir2024-06-10 00:00:00w2022-10-30yBK003Print4070aMIETLIBbMIETLIBcBL-Academic Block-b, FL-2, CUP-94, SH-6, R-6d2006-08-2510HMCA pM 833g285.00l0o105.23 Spir2024-06-10 00:00:00w2022-10-30yBK003Print4070aMIETLIBbMIETLIBcBL-Academic Block-b, FL-2, CUP-94, SH-6, R-6d2006-08-2510HMCA